UK Towns Quiz - Devon - Statistics

General Stats
  • This quiz has been taken 612 times
  • The average score is 31 of 104
Answer Stats
Clue Population Town % Correct
E 126,156 Exeter
98%
P 266,983 Plymouth
98%
T 52,037 Torquay
92%
P 67,488 Paignton
87%
E 35,488 Exmouth
85%
B 31,276 Barnstaple
78%
N 29,638 Newton Abbot
78%
T 19,708 Tiverton
71%
T 15,312 Teignmouth
70%
D 11,797 Dawlish
68%
B 19,487 Bideford
67%
T 9,214 Totnes
67%
B 17,834 Brixham
63%
O 9,112 Okehampton
63%
H 12,154 Honiton
61%
I 9,202 Ilfracombe
60%
S 13,262 Sidmouth
59%
T 12,675 Tavistock
59%
D 5,259 Dartmouth
57%
I 12,484 Ivybridge
51%
C 7,967 Crediton
50%
S 1,584 Salcombe
47%
C 8,889 Cullompton
46%
A 6,089 Axminster
45%
K 5,683 Kingsbridge
44%
O 6,046 Ottery St Mary
42%
B 6,236 Bovey Tracey
40%
S 7,439 Seaton
40%
T 4,193 Topsham
40%
K 11,935 Kingsteignton
38%
B 2,718 Buckfastleigh
37%
B 5,240 Budleigh Salterton
37%
W 3,472 Westward Ho
33%
S 6,226 South Molton
32%
B 1,283 Beer
30%
A 3,368 Ashburton
29%
B 6,615 Braunton
28%
E 4,379 Exminster
28%
C 4,375 Chudleigh
27%
D 1,190 Dawlish Warren
27%
G 5,953 Great Torrington
27%
S 1,694 Starcross
27%
P 1,443 Princetown
26%
Y 1,858 Yelverton
26%
H 3,475 Holsworthy
25%
L 1,835 Lympstone
24%
M 1,333 Moretonhampstead
23%
A 1,713 Appledore
22%
C 1,106 Chagford
21%
C 2,705 Combe Martin
21%
C 4,938 Cranbrook
21%
Y 2,010 Yealmpton
21%
F 1,723 Feniton
20%
N 5,195 Northam
19%
W 1,120 Whimple
18%
B 2,259 Bere Alston
17%
C 1,231 Chulmleigh
17%
C 1,940 Colyton
17%
E 1,287 Exton
17%
F 5,233 Fremington
17%
I 2,149 Ipplepen
17%
M 1,687 Modbury
17%
S 1,716 Shaldon
17%
S 2,643 South Brent
17%
W 1,828 Wembury
17%
W 3,476 Willand
17%
N 1,787 North Tawton
16%
B 2,266 Bishopsteignton
15%
B 1,552 Broadclyst
15%
K 3,767 Kingskerswell
15%
W 1,748 Woodbury
15%
B 1,824 Bradninch
14%
N 1,918 Newton Poppleford
14%
S 1,503 Silverton
14%
U 2,039 Uffculme
14%
W 1,339 Winkleigh
14%
S 1,337 Stoke Gabriel
13%
W 2,109 West Hill
13%
B 1,120 Bow
12%
C 1,193 Clyst St Mary
12%
C 1,476 Copplestone
12%
W 1,306 Witheridge
12%
A 1,183 Abbotskerswell
11%
B 1,299 Bampton
11%
C 1,167 Chudleigh Knighton
11%
H 1,673 Hemyock
11%
H 1,877 Horrabridge
11%
L 1,998 Landkey
11%
L 1,034 Loddiswell
11%
M 1,041 Morchard Bishop
11%
U 1,052 Uplyme
11%
C 1,073 Chillington
10%
C 1,030 Clyst Honiton
10%
D 1,837 Dunkeswell
10%
M 2,073 Marldon
10%
S 1,378 Sampford Peverell
10%
B 2,106 Bickington
9%
C 1,954 Chivenor
9%
C 1,188 Coldeast
9%
D 1,487 Denbury
9%
H 1,498 Heathfield
9%
W 2,685 West Clyst
9%
S 1,309 Sherford
8%
C 1,504 Chambercombe
5%
No matching quizzes found
Score Distribution
Percent of People with Each Score
Percentile by Number Answered
Your Score History
You have not taken this quiz